| 000 | 00601 a2200205 4500 | ||
|---|---|---|---|
| 999 |
_c30078 _d30078 |
||
| 003 | NUST | ||
| 005 | 20180118121436.0 | ||
| 008 | 180118b xxu||||| |||| 00| 0 eng d | ||
| 020 | _a0716703440 | ||
| 020 | _a9780716703440 | ||
| 082 | 0 | 4 | _a531.14 |
| 100 | 1 |
_aMisner, Charles W. _98556 |
|
| 245 | 1 | 0 |
_aGravitation (Volume - I) / _cCharles W. Misner, Kip S. Thorne, John Archibald Wheeler, John Wheeler, Kip Thorne. |
| 250 | _aFirst Edition ed. | ||
| 260 |
_a[S.l.] : _bW. H. Freeman, _c1973. |
||
| 300 |
_a1215 p. ; _c26 cm. |
||
| 490 | 1 | _aPhysics series. | |
| 700 |
_aThorne, Kip S.1 _aWhe _98686 |
||
| 700 |
_aWheeler, J _98558 |
||
| 830 |
_aThorne, Kip _98559 |
||
| 942 |
_aSNS _cBK _k531.14 MIS _2ddc |
||